000 00346nam a2200145Ia 4500
008 191201s2013 xx 000 0 und d
020 _a9788170297536
082 _a5.133
100 _aKANETKAR, Yashavant
245 0 _aUNIX Shell Programming
250 _aRep
260 _c2013
_bBPB Publication
_aNew Delhi
300 _a486
942 _2ddc
_cBK
999 _c7903
_d7903